| 000 -ლიდერი |
| ფიქსირებული სიგრძის საკონტროლო ველი |
01245nam a22002537a 4500 |
| 003 - საკონტროლო ნომრის იდენტიფიკატორი |
| საკონტროლო ველი |
Ge_BSU |
| 005 - ბოლო ოპერაციის თარიღი და დრო |
| საკონტროლო ველი |
20230406103707.0 |
| 008 - ფიქსირებული სიგრძის მონაცემთა ელემენტები - ზოგადი ინფორმაცია |
| ფიქსირებული სიგრძის საკონტროლო ველი |
230406s1988 ge ||||| |||| 00| 0 geo d |
| 041 ## - ენის კოდი |
| Language code of text/sound track or separate title |
geo |
| 080 ## - უნივერსალური ათობითი კლასიფიკაციის ინდექსი |
| Universal Decimal Classification number |
821.353.1(092ჭავჭავაძე, ი.) ი-44 |
| 245 ## - ცნობა სათაურის შესახებ |
| Title |
ილია ჭავჭავაძე 150 / |
| Remainder of title |
[კრებული]. |
| 264 ## - წარმოების, გამოცემის, დისტრიბუციის და სხვა ცნობები |
| გამოცემის, წარმოების, დისტრიბუციის... ადგილი |
პარიზი : |
| გამოცემის, წარმოების, დისტრიბუციის... სახელწოდება |
ქართულ-ევროპული ინსტიტუტი, |
| გამოცემის, წარმოების, დისტრიბუციის... თარიღი |
1988. |
| 300 ## - ფიზიკური აღწერა |
| Extent |
144 გვ. ; |
| Other physical details |
20 სმ. |
| 500 ## - ზოგადი შენიშვნა |
| General note |
პარალელური თავფურცელი ფრანგულ ენაზე. |
| 653 ## - INDEX TERM--UNCONTROLLED |
| Uncontrolled term |
ჭავჭავაძე ილია., 1837-1907 |
| 653 ## - INDEX TERM--UNCONTROLLED |
| Uncontrolled term |
ქართველი მწერლები |
| 700 ## - ADDED ENTRY--PERSONAL NAME |
| Personal name |
კედია, სპირიდონ |
| Relator term |
ავტორი |
| 9 (RLIN) |
17508 |
| 700 ## - ADDED ENTRY--PERSONAL NAME |
| Personal name |
ამირეჯიბი, შალვა |
| Relator term |
ავტორი |
| 9 (RLIN) |
17509 |
| 700 ## - ADDED ENTRY--PERSONAL NAME |
| Personal name |
წერეთელი, მიხაკო |
| Relator term |
ავტორი |
| 9 (RLIN) |
17510 |
| 700 ## - ADDED ENTRY--PERSONAL NAME |
| Personal name |
ს.ქ., |
| Relator term |
ავტორი |
| 9 (RLIN) |
17511 |
| 700 ## - ADDED ENTRY--PERSONAL NAME |
| Personal name |
ქავთარაძე, მ., |
| Relator term |
ავტორი |
| 9 (RLIN) |
17512 |
| 700 ## - ADDED ENTRY--PERSONAL NAME |
| Personal name |
კაშია, ჯანრი |
| Relator term |
ავტორი |
| 9 (RLIN) |
1578 |
| 942 ## - ADDED ENTRY ELEMENTS (KOHA) |
| Source of classification or shelving scheme |
|
| Koha item type |
წიგნი |